00406 a2200133 4500001001000000005001700010008004100027245006000068100002600128700002500154700002600179773005000205999001700255ART_4005120260410161842.0260409a 10aLegitimación en el proceso contencioso administrativo1 aBarra, Rodolfo Carlos1 aMaiorano, Jorge Luis1 aMuñoz, Guillermo A.0 tRAPg- Año 23, Nº 267 (dic. 2000)wREV5941 c24167d24167